Bus routes in Stockholm - Statistics

General Stats
  • This quiz has been taken 19 times
    12 since last reset
  • The average score is 22 of 50
Answer Stats
Hint Answer % Correct
50 Odenplan
89%
67 Odenplan
89%
96 Odenplan
89%
4 Gullmarsplan
67%
94 Gullmarsplan
67%
6 Ropsten
67%
75 Ropsten
67%
76 Ropsten
67%
2 Sofia
67%
57 Sofia
67%
66 Sofia
67%
5 Liljeholmen
56%
4 Radiohuset
56%
94 Radiohuset
56%
50 Stora Lappkärrsberget
56%
65 Centralen
44%
69 Centralen
44%
75 Cityterminalen
44%
1 Frihamnen
44%
72 Frihamnen
44%
91 Frihamnen
44%
54 Hornsberg
44%
56 Hornsberg
44%
61 Hornsberg
44%
74 Hornsberg
44%
3 Karolinska sjukhuset
44%
5 Karolinska sjukhuset
44%
72 Karolinska sjukhuset
44%
2 Norrtull
44%
3 Södersjukhuset
44%
1 Stora Essingen
44%
91 Stora Essingen
44%
53 Henriksdalsberget
33%
6 Karolinska institutet
33%
53 Karolinska institutet
33%
54 Reimersholme
33%
66 Reimersholme
33%
61 Ruddammen
33%
74 Sickla udde
33%
96 Sickla udde
33%
93 Slussen
33%
67 Blockhusudden
22%
69 Djurgårdsbrunn
22%
55 Finnberget
22%
56 Lilla Essingen
22%
76 Norra Hammarbyhamnen
22%
55 Tanto
22%
57 Hjorthagen
11%
93 Jarlaberg
11%
65 Skeppsholmen
0%
No matching quizzes found
Score Distribution
Percent of People with Each Score
Percentile by Number Answered
Your Score History
You have not taken this quiz since the last reset